| 000 | 00431nam a2200181Ia 4500 | ||
|---|---|---|---|
| 008 | 230524s9999 xx 000 0 und d | ||
| 020 | _a9788126508372 | ||
| 082 |
_a621 _bAHO |
||
| 100 | _aFrank Vahid | ||
| 245 | 0 | _aEmbedded Systems Design | |
| 250 | _a2ND | ||
| 260 |
_aNEW DELHI _bJohn Wiley _c2008 |
||
| 300 | _aXXIV;993 | ||
| 500 | _aQuantity Number: 61 | ||
| 650 | _aComp-Sc | ||
| 700 | _a Tony Givargis | ||
| 942 | _cBK | ||
| 999 |
_c38355 _d38355 |
||